La República
Gardado en:
| Autor Principal: | |
|---|---|
| Formato: | Libro |
| Idioma: | Undetermined |
| Publicado: |
Madrid, España
Centro de Estudios Constitucionales
1981
|
| Materias: | |
| Etiquetas: |
Engadir etiqueta
Sen Etiquetas, Sexa o primeiro en etiquetar este rexistro!
|
MARC
| LEADER | 00000nam a2200000Ia 4500 | ||
|---|---|---|---|
| 008 | 170316s9999 xx 000 0 und d | ||
| 090 | |a 100 P-26r v.3 | ||
| 100 | |a Platón | ||
| 245 | |a La República | ||
| 260 | |a Madrid, España | ||
| 260 | |b Centro de Estudios Constitucionales | ||
| 260 | |c 1981 | ||
| 300 | |a 196páginas Tomo III | ||
| 650 | |a FILOSOFÍA | ||
| 650 | |a FILOSOFÍA CLÁSICA. | ||
| 650 | |a POLÍTICA | ||
| 999 | |c 17345 |d 17345 | ||
| 040 | |a cru BVZT | ||
| 942 | |c 15 D |h 100 P-26r v.3 |2 z | ||
